| 000 | 00744cam a2200241 4500 | ||
|---|---|---|---|
| 001 | sa 68014775 | ||
| 003 | DLC | ||
| 005 | 20260227112635.0 | ||
| 008 | 700224s1967 pk ab bs 000 0 eng | ||
| 010 | _asa 68014775 | ||
| 025 | _aPL480:EP-E-507 | ||
| 040 |
_aDLC _cDLC _dDLC |
||
| 050 | 0 | 0 | _aHD9866.P33E23 |
| 082 | 0 | 0 | _a338.4/7/6770095492 |
| 110 | 2 |
_aEast Pakistan Small Industries Corporation. _bStatistics Department. |
|
| 245 | 1 | 0 | _aSurvey of jamdani products manufacturing units. |
| 260 |
_aDacca _c[1967] |
||
| 300 |
_a37, [10] p. _billus., map. _c28 cm. |
||
| 350 | _aunpriced | ||
| 500 | _aCover title. | ||
| 504 | _a"List of some of the jamdani products manufacturers": p. [39]-[42] | ||
| 650 | 0 |
_aTextile industry _zBangladesh. |
|
| 999 |
_c86044 _d86044 |
||